| 000 | 01227ngm a2200325 a 4500 | ||
|---|---|---|---|
| 005 | 20220317001420.0 | ||
| 008 | 161108s2007 ck g 000 0 spa | ||
| 020 | _a9789587470420 | ||
| 082 | 0 | 4 |
_a791.437 _bG71 |
| 245 | 0 | 0 |
_aGrandes directores del cine europeo _hvideodisco digital |
| 250 | _a1a. edición | ||
| 300 |
_a6 DVD _bsonido, en blanco y negro y en color _c12 cm _e1 cartilla |
||
| 490 | _aCine club películas para coleccionistas | ||
| 500 | _aIncluye libro con reseñas de las películas | ||
| 500 | _aPelículas con subtítulos en español | ||
| 650 | 1 | 4 |
_2LEMB _aCine _vVideodiscos _xEuropa _ySiglo XX |
| 650 | 1 | 4 |
_2LEMB _aPelículas cinematográficas _vVideodiscos |
| 700 | 1 |
_aCarné, Marcel _d1906-1996 _972693 |
|
| 700 | 1 |
_aFellini, Federico, _d1920-1993 _972694 |
|
| 700 | 1 |
_aCacoyannis, Michael _d1922-2011 _972695 |
|
| 700 | 1 |
_aVigo, Jean, _d1905-1934 _972696 |
|
| 700 | 1 |
_aTati, Jacques _d1907-1982 _972697 |
|
| 700 | 1 |
_aDe Sica, Vittorio _d1901-1974 _972698 |
|
| 942 |
_2ddc _cDVD |
||
| 264 |
_aBogotá _bFonolibros de Colombia _c[2007] |
||
| 336 |
_atexto _btxt _2rdacontent |
||
| 337 |
_asin mediación _bn _2rdamedia |
||
| 338 |
_avolumen _bnc _2rdacarrier |
||
| 040 |
_aCO-BoRNBP _bspa _erda _cCO-BoRNBP |
||
| 999 |
_c6912 _d6912 |
||